000 00494nam a22001937a 4500
999 _c290338
_d290338
003 OSt
020 _a8174888764
082 _a657.97
_bKAP/HA
100 _aKapoor, D R
245 _aHandbook of cooperative audit
260 _aNew Delhi
_bAnmol publications
_c1998
300 _a171p.
546 _aEnglish
650 _aProcedure of audit
650 _aLegal aspects of cooperative audit
650 _aValuation of assets and liabilities
650 _aAudit report
942 _2ddc
_cBK